New venture creation entrepreneurship for the 21st century

Saved in:
Bibliographic Details
Main Author: SPINELLI, Stephen
Format: Book
Language:English
Published: McGraw-Hill Education 2016
Tags: Add Tag
No Tags, Be the first to tag this record!

MARC

LEADER 00000nam a22000007a 4500
008 210419b ||||| |||| 00| 0 eng d
020 |a 978-981-4577 
100 |a SPINELLI, Stephen 
245 |a New venture creation  |b entrepreneurship for the 21st century  |c Stephen Spinelli, Jr., Robert J. Adams, Jr  |g xx, 484p 
260 |b McGraw-Hill Education  |c 2016  |h New York  |i 690854   |i 690855  |l HD62.5 .Sp4  |m New business enterprises – Handbooks, manuals, etc  |m Entrepreneurship – Handbooks, manuals, etc. 
942 |a lcc  |c BK  |e ADEKANYE, I. H.  |f 19/04/2021 
952 |0 0  |1 0  |2 lcc  |4 0  |6 HD00625 S P4  |7 0  |9 2203  |a HOL  |b SSL  |c GJ  |d 2021-04-19  |l 0  |o HD62.5 .Sp4  |p 2021-6057  |r 2021-04-19 00:00:00  |w 2021-04-19  |y BK 
952 |0 0  |1 0  |2 lcc  |4 0  |6 HD00625 S P4  |7 0  |9 2204  |a HOL  |b HOL  |c GJ  |d 2021-04-19  |l 0  |o HD62.5 .Sp4  |p 2021-6058  |r 2021-04-19 00:00:00  |w 2021-04-19  |y BK 
999 |c 1149  |d 1149